El banquete
Saved in:
| Hovedforfatter: | |
|---|---|
| Andre forfattere: | |
| Format: | Bog |
| Sprog: | spansk |
| Udgivet: |
Buenos Aires
Aguilar
1965
|
| Udgivelse: | 5a. ed |
| Serier: | Biblioteca de iniciación filosófica
|
| Fag: | |
| Tags: |
Tilføj Tag
Ingen Tags, Vær først til at tagge denne postø!
|
MARC
| LEADER | 00000nam a2200000 a 4500 | ||
|---|---|---|---|
| 001 | UCY6252 | ||
| 003 | CL-VaPUC | ||
| 005 | 20230712130611.0 | ||
| 008 | 950521e19650000AG |||||||||||||||||spa|d | ||
| 999 | |c 233831 |d 233829 | ||
| 040 | |c Pontificia Universidad Católica de Valparaíso | ||
| 082 | 0 | 4 | |a 184 |b PLA |2 21 |
| 100 | 0 | |a Platón |e author |9 222 | |
| 245 | 1 | 3 | |a El banquete |
| 250 | |a 5a. ed | ||
| 260 | |a Buenos Aires |b Aguilar |c 1965 | ||
| 300 | |a 142 p | ||
| 490 | 0 | |a Biblioteca de iniciación filosófica | |
| 583 | |a last modification |c 19950521 00:00:00 |k Rodrigo Vera | ||
| 650 | 0 | |a Filosofía |9 223554 | |
| 650 | 0 | |a Amor |9 257817 | |
| 700 | 1 | |a Rodríguez Huescar, Antonio |e traductor |9 863734 | |
| 942 | |c BK |2 ddc | ||
| 945 | |d 19950521 00:00:00 |a oaravena | ||
| 952 | |0 0 |1 0 |4 0 |6 184_000000000000000_PLA_1965 |7 0 |8 R |9 239606 |a BIBEDU |b BIBEDU |c MCIRC |d 2019-11-18 |i 1506013 |o 184 PLA 1965 |p 1506013 |r 2023-01-13 |w 2019-11-18 |y BK_R |k FIL | ||